| 000 | 00999nam a22003257a 4500 | ||
|---|---|---|---|
| 003 | CHAP | ||
| 005 | 20220817042917.0 | ||
| 008 | 971013s1994 r 00010 d | ||
| 010 | _a59637 | ||
| 011 | _a60609 | ||
| 035 | _a64771 | ||
| 040 | _cCHAP | ||
| 082 |
_a635.9 _bM38 |
||
| 100 | 0 | 0 |
_aMartÃn, Edward Curtis. _971730 |
| 245 |
_aHome landscapes _b: planting design and management |
||
| 260 |
_aPortland, Oregon : _bTimber, _c1994 |
||
| 300 |
_a175 p. _b: ilus. |
||
| 590 |
_aBATCH-UPD _b10 _c20130110 _lUCH01 _h0533 |
||
| 590 |
_aBATCH-UPD _b10 _c20130110 _lUCH01 _h2246 |
||
| 590 |
_aBATCH-UPD _b10 _c20130410 _lUCH01 _h0213 |
||
| 590 |
_aBATCH-UPD _b10 _c20130914 _lUCH01 _h1702 |
||
| 590 |
_aCONVERSION _b10 _c20130109 _lUCH01 _h1332 |
||
| 650 | 1 | 4 |
_aJardinerÃa. _961143 |
| 650 | 1 | 4 |
_aPaisaje. _984761 |
| 650 | 1 | 4 | _aPlantas ornamentales. |
| 700 | 0 |
_aMelby, Pete. _974317 |
|
| 901 | _aBK | ||
| 942 | _cLIBRO | ||
| 949 |
_a635.9 M38 _bBC _cC _d33724000421566 _eC _gI.181164 _h90125 _i64771 _si _t440.00 |
||
| 999 |
_c59637 _d59637 |
||